The revelations of Dr. Modesto /

Bibliographic Details
Main Author: Harrington, Alan, 1919-
Format: Book
Language:English
Published: New York : Knopf, 1955.
Edition:1st ed.

MARC

Tag First Indicator Second Indicator Subfields
LEADER 00000cam a2200000 4500
001 in00000022596
005 20151007064048.0
008 741106s1955 nyu 00001 eng u
010 |a  55009261  
035 |a (OCoLC)01068453 
035 |9 AAD8951AM 
040 |c BOS  |d TXA  |d UtOrBLW 
049 |a TXAM  |c [257679] 
050 0 |a PZ4.H299  |b Re 
090 |a PS3558.A6273  |b R4 1955 
092 |a 813  |b H311r 
100 1 |a Harrington, Alan,  |d 1919- 
245 1 4 |a The revelations of Dr. Modesto /  |c Alan Harrington. 
250 |a 1st ed. 
264 1 |a New York :  |b Knopf,  |c 1955. 
300 |a 256 pages ;  |c 20 cm. 
336 |a text  |b txt  |2 rdacontent 
337 |a unmediated  |b n  |2 rdamedia 
338 |a volume  |b nc  |2 rdacarrier 
999 |a MARS 
999 f f |s 5018d22f-242d-30e2-898e-d14e557d667e  |i effbcdb3-fcac-3b72-803c-6a9af3ec1f21  |t 0 
952 f f |p ric  |a Texas A&M University  |b Rellis Campus  |c Joint Library Facility  |d Remote Storage  |t 0  |e PS3558.A6273 R4 1955  |h Library of Congress classification  |i unmediated -- volume  |m A14801239552 
998 f f |a PS3558.A6273 R4 1955  |t 0  |l Remote Storage